000 01076nam a2200313 i 4500
001 000030211
003 DO-SdBNP
005 20250912132927.0
007 ta
008 110504s2006 dr ac 000 0 spa d
020 _a9945851969
040 _aDO-SdBNP
_bspa
_cBNPHU
_erda
041 _aspa
082 4 _a306.097203
_bC397a 2005
_222
110 2 _aCentro Cultural Eduardo León Jimenes
_956909
245 1 0 _aAnuario 2005 :
_bcomunidad y diversidad.
264 4 _aSantiago de los Caballeros, República Dominicana :
_b\Centro León,
_c©2006
300 _a111 páginas :
_bilustraciones, retratos,
_c24 cm.
336 _ardacontent
_btexto
_2txt
337 _ardamedia
_bsin mediación
_2n
338 _ardacarrier
_bvolumen
_2nc
590 _aInventariado, 2025/MFF
610 2 _aCentro Cultural Eduardo León Jimenes
650 7 _aArte
_vExposiciones
_2LEMB
_94908
650 7 _aCultura
_zRepública Dominicana
_y2005
_2LEMB
_988566
650 7 _aCentros culturales
_zRepública Dominicana
_2LEMB
_981691
910 _aValidado. Control de calidad MFF
942 _2ddc
_cLBS1
999 _c29703
_d29703